| Tag |
First Indicator |
Second Indicator |
Subfields |
| LEADER |
00000pam a2200000 a 4500 |
| 001 |
in00000097695 |
| 005 |
20150924085408.0 |
| 008 |
790709s1980 nyua j 00010 engm |
| 010 |
|
|
|a 79017509
|
| 020 |
|
|
|a 0394843525
|
| 020 |
|
|
|a 039494352X (lib. bdg.)
|
| 035 |
|
|
|a (OCoLC)05219469
|
| 035 |
|
|
|9 AAK9319AM
|
| 040 |
|
|
|a DLC
|c DLC
|d m.c.
|d TXA
|d UtOrBLW
|
| 049 |
|
|
|a [Curr Col] TXAM
|c [388849]
|
| 050 |
0 |
0 |
|a QL737 C23
|b M54
|
| 082 |
0 |
|
|a 599/.74428
|
| 100 |
1 |
|
|a Michel, Anna.
|
| 245 |
1 |
0 |
|a Little wild lion cub /
|c by Anna Michel ; pictures by Tony Chen.
|
| 264 |
|
1 |
|a [New York] :
|b Pantheon Books,
|c [1980]
|
| 264 |
|
4 |
|c ©1980
|
| 300 |
|
|
|a 46 pages :
|b illustrations ;
|c 24 cm.
|
| 336 |
|
|
|a text
|b txt
|2 rdacontent
|
| 337 |
|
|
|a unmediated
|b n
|2 rdamedia
|
| 338 |
|
|
|a volume
|b nc
|2 rdacarrier
|
| 490 |
1 |
|
|a An I am reading book
|
| 520 |
|
|
|a Follows the growth, development, and training of a lion from his birth until at two years, he is no longer a cub, yet not fully grown.
|
| 650 |
|
0 |
|a Lion
|v Juvenile literature.
|
| 650 |
|
0 |
|a Animals
|x Infancy
|v Juvenile literature.
|
| 650 |
|
1 |
|a Lions.
|
| 650 |
|
1 |
|a Animals
|x Infancy.
|
| 700 |
1 |
|
|a Chen, Tony.
|
| 830 |
|
0 |
|a I am reading book.
|
| 999 |
|
|
|a MARS
|
| 999 |
f |
f |
|s e9175dd8-3538-35a6-9af0-7f266373c740
|i bd77c8f2-8e92-31b4-8bde-c89f81cf416c
|t 0
|
| 952 |
f |
f |
|p ric
|a Texas A&M University
|b Rellis Campus
|c Joint Library Facility
|d Remote Storage
|t 0
|e QL737 C23 M54
|h Library of Congress classification
|i unmediated -- volume
|m A14806017727
|
| 998 |
f |
f |
|a QL737 C23 M54
|t 0
|l Remote Storage
|